000 00540nam a22002297a 4500
003 UA-OsUOA
001 68680
007 ta
008 20100513b un ||||| |||| 00| 0 ukr d
100 _aЕлкин А.
090 _a929
_bЕ51
942 _cBK
040 _aUA-OsUOA
_brus
_cUA-OsUOA
_dUA-OsUOA
245 _aЛуначарський
300 _a302 с.
955 _a2
041 _arus
080 _a929
260 _aМ.
_c1967
650 7 _a9 Географія. Біографії. Історія
_2UDC
999 _c354940
_d354940